César de la meilleure actrice - Mort Subite - Statistiques

Statistiques générales
  • Ce quiz a été pris 247 fois
    77 depuis la dernière actualisation
  • Le résultat moyen est 9 sur 19
Answers on the Grid
Answers color-coded by a green-red scale on the quiz's grid according to % correct below.
Adèle Exarchopoulos
Adèle Haenel
Anaïs Demoustier
Audrey Tautou
Béatrice Dalle
Bérénice Bejo
Camélia Jordana
Camille Cottin
Carole Bouquet
Catherine Deneuve
Cécile De France
Charlotte Gainsbourg
Chiara Mastroianni
Doria Tillier
Elodie Bouchez
Emmanuelle Béart
Fanny Ardant
Hafsia Herzi
Hélène Vincent
Isabelle Adjani
Isabelle Huppert
Jane Birkin
Juliette Binoche
Karin Viard
Kristin Scott Thomas
Laure Calamy
Léa Drucker
Léa Seydoux
Leïla Bekhti
Louane
Marina Foïs
Marion Cotillard
Mélanie Laurent
Mélanie Thierry
Sandra Hüller
Sandrine Kiberlain
Valérie Donzelli
Valérie Lemercier
Vanessa Paradis
Virginie Efira
 
Statistiques - réponses
Réponse % Correct
2015 Adèle Haenel
64%
2020 Anaïs Demoustier
60%
1993,1981 Catherine Deneuve
60%
2012 Bérénice Bejo
56%
2017,1996 Isabelle Huppert
52%
2010,1995,1989,1984,1982 Isabelle Adjani
48%
1994 Juliette Binoche
48%
2008 Marion Cotillard
48%
1999 Elodie Bouchez
44%
2022 Valérie Lemercier
44%
2023 Virginie Efira
44%
1997 Fanny Ardant
40%
2021 Laure Calamy
40%
2019, 2026 Léa Drucker
40%
2024 Sandra Hüller
40%
1990 Carole Bouquet
36%
2025 Hafsia Herzi
36%
2000 Karin Viard
36%
2014 Sandrine Kiberlain
36%
Aucun quiz correspondant
Distribution des résultats
% des personnes avec chaque résultat
Percentile par nombre de réponses
Votre historique - résultats
Vous n’avez pas pris ce quiz depuis la dernière actualisation